Sustainable Mining (Record no. 518539)
[ view plain ]
| 000 -LEADER | |
|---|---|
| fixed length control field | 00325nam a22001337a 4500 |
| 008 - FIXED-LENGTH DATA ELEMENTS--GENERAL INFORMATION | |
| fixed length control field | 210928b ||||| |||| 00| 0 eng d |
| 100 ## - MAIN ENTRY--PERSONAL NAME | |
| Personal name | Sharma, Aman |
| 245 ## - TITLE STATEMENT | |
| Title | Sustainable Mining |
| 260 ## - PUBLICATION, DISTRIBUTION, ETC. (IMPRINT) | |
| Place of publication, distribution, etc | Kurukshetra |
| 300 ## - PHYSICAL DESCRIPTION | |
| Extent | 69(8), Jun, 2021: p.49-54 |
| 773 ## - HOST ITEM ENTRY | |
| Main entry heading | Kurukshetra |
| 906 ## - LOCAL DATA ELEMENT F, LDF (RLIN) | |
| Subject DIP | MINING |
| 942 ## - ADDED ENTRY ELEMENTS (KOHA) | |
| Item type | Articles |
| Withdrawn status | Lost status | Source of classification or shelving scheme | Damaged status | Not for loan | Permanent location | Current location | Date acquired | Serial Enumeration / chronology | Barcode | Date last seen | Koha item type |
|---|---|---|---|---|---|---|---|---|---|---|---|
| Indian Institute of Public Administration | Indian Institute of Public Administration | 2021-09-28 | 69(8), Jun, 2021: p.49-54 | AR125669 | 2021-09-28 | Articles |
